000
00312nam a2200121Ia 4500
008
190216s9999||||xx |||||||||||||| ||und||
100
_a
Gardiner E S
245
0
_a
Nine Twentieth Century Essayists
260
_b
Georg G Harrap& Co
_c
1961
300
_a
234p
650
_a
English Literature-Biography
942
_c
BK
999
_c
11958
_d
11958